France - Les régions d'origine des Présidents du conseil 1871-1940 - Statistiques

Statistiques générales
  • Ce quiz a été pris 6 fois
  • Le résultat moyen est 22 sur 51
Statistiques - réponses
Président du Conseil Région d'origine % Correct
Blum Ile-de-France
83%
Simon Bretagne
67%
Buffet Grand-Est
67%
Herriot Grand-Est
67%
Broglie Ile-de-France
67%
Chautemps Ile-de-France
67%
Dufaure Nouvelle-Aquitaine
67%
Gambetta Occitanie
67%
Clémenceau Pays-de-la-Loire
67%
Reynaud Provence-Alpes-Côte-d'Azur
67%
Loubet Auvergne-Rhône-Alpes
50%
Laval Auvergne-Rhône-Alpes
50%
Waddington Centre-Val-de-Loire
50%
Brisson Centre-Val-de-Loire
50%
Ferry Grand-Est
50%
Poincaré Grand-Est
50%
Goblet Hauts-de-France
50%
Pétain Hauts-de-France
50%
Courtout de Cissey Ile-de-France
50%
Casimir-Périer Ile-de-France
50%
Bourgeois Ile-de-France
50%
Painlevé Ile-de-France
50%
Fallières Nouvelle-Aquitaine
50%
Sarrault Nouvelle-Aquitaine
50%
Rochebouët Pays-de-la-Loire
50%
Waldeck-Rousseau Pays-de-la-Loire
50%
Briand Pays-de-la-Loire
50%
Rouvier Provence-Alpes-Côte-d'Azur
50%
Dupuy Auvergne-Rhône-Alpes
33%
Sarrien Bourgogne-Franche-Comté
33%
Boncour Centre-Val-de-Loire
33%
Méline Grand-Est
33%
Ribot Hauts-de-France
33%
François-Marsal Ile-de-France
33%
Tardieu Ile-de-France
33%
Floquet Nouvelle-Aquitaine
33%
Monis Nouvelle-Aquitaine
33%
Barthou Nouvelle-Aquitaine
33%
Leygues Nouvelle-Aquitaine
33%
Freycinet Occitanie
33%
Duclerc Occitanie
33%
Combes Occitanie
33%
Daladier Provence-Alpes-Côte-d'Azur
33%
Millerand Ile-de-France
17%
Steeg Nouvelle-Aquitaine
17%
Doumergue Occitanie
17%
Caillaux Pays-de-la-Loire
17%
Flandin Provence-Alpes-Côte-d'Azur
17%
Viviani Algérie
0%
Bouisson Algérie
0%
Tirard Suisse
0%
Aucun quiz correspondant
Distribution des résultats
% des personnes avec chaque résultat
Percentile par nombre de réponses
Votre historique - résultats
Vous n’avez pas pris ce quiz